000 00888nam a2200277 a 4500
001 24805
003 BD-RjUL
005 20211209001112.0
008 140315r19811949enkb b 001 0 eng d
035 _a(BD-RjUL)24874
040 _aTXA
_cTXA
_dm.c
_dBD-RjUL
_beng
041 _aeng
082 0 4 _a941.06
_bTRE 1981
100 1 _aTrevelyan, George Macaulay,
_d1876-1962.
_955186
245 1 0 _aEngland under the Stuarts /
_cby George Macaulay Trevelyan.
250 _a21st ed.
260 _aDelhi :
_bsurjeet Pub.,
_c1949 [reprinted 1981].
300 _axiii, 546 p. :
_bmaps
_c21 cm.
490 1 _aHistory of England ;
_vv. 5
504 _aincludes Bibliographical reference and index.
651 0 _aGreat Britain
_xHistory
_yStuarts, 1603-1714
_976369
830 0 _vv. 5
_976372
830 0 _aHistory of England (Methuen) ;
_976373
942 _2ddc
_cBK
999 _c24805
_d24805